• 首页
  • 本馆介绍
  • 公告通知
  • 最新文献
  • 馆藏检索
  • 电子资源
  • 读者导购
  • 参考咨询
  • 我的图书馆
  • 登录
  • 详细信息显示
  • 放入我的书架
  • 预约/预借图书
  • 作者相关作品
  • 分类相关作品
  • 丛书相关作品
  • 出版社相关作品

书目信息

  • 表格格式
  • 工作单格式
  • 卡片格式
题名:
奥斯曼帝国
    
 
作者: 肖 , Shaw 著 ;许序雅 , 张忠详 译
分册:  
出版信息: 西宁   青海人民出版社  2006
页数: 444页
开本: 23cm
丛书名: 帝国史译丛
单 册:
中图分类: K374.3
科图分类:
主题词: 奥斯曼帝国(15世纪-1922)--历史 , 奥斯曼帝国(15世纪-1922)
电子资源:
ISBN: 7-225-02787-5
000 01169oam2 2200325 450
001 012007187311
005 20070515104439.62
010    @a7-225-02787-5@dCNY46.00
100    @a20070423d2006 km y0chiy0120 ea
101 1  @achi@ceng
102    @aCN@b640000
105    @ay z 000yy
106    @ar
200 1  @a奥斯曼帝国@Aao si man di guo@f(美)斯坦福·肖著@F(mei)si tan fu·xiao zhu@g许序雅,张忠详译@Gxu xu ya,zhang zhong xiang yi
210    @a西宁@c青海人民出版社@d2006
215    @a444页@d23cm
225 2  @a帝国史译丛
306    @a本书中文简体字版由英国Cambridge University Press授权青海人民出版社出版
330    @a本书介绍世界历史上的奥斯曼帝国曾是雄踞欧、亚。非的庞大帝国,历时六、七个世纪,对人类历史做出了重大的贡献。
461  0 @12001 @a帝国史译丛
510 1  @aHistory of the Ottoman Empire and Modern Turkey@zeng
606 0  @a奥斯曼帝国(15世纪-1922)@x历史
606 0  @a奥斯曼帝国(15世纪-1922)
690    @aK374.3@v4
701  1 @c(美)@a肖@Axiao@b斯坦福@4著
701  1 @c(美)@aShaw@bStanford J.@4著
702  0 @a许序雅@Axu xu ya@4译
702  0 @a张忠详@Azhang zhong xiang@4译
801  0 @aCN@bRULIN@c20070515
905    @dK374.3@e4@s5
    
    奥斯曼帝国/(美)斯坦福·肖著/许序雅,张忠详译.-西宁:青海人民出版社,2006
    444页;23cm.-(帝国史译丛)
    
    
    ISBN 7-225-02787-5:CNY46.00
    本书介绍世界历史上的奥斯曼帝国曾是雄踞欧、亚。非的庞大帝国,历时六、七个世纪,对人类历史做出了重大的贡献。
●
相关链接 在E读中查询图书 在五车中查询图书 在当当中查询图书 在豆瓣中查询图书


正题名:奥斯曼帝国     索取号:K374.3/4         预约/预借

序号 登录号 条形码 馆藏地/架位号 状态 备注
1 0570066   205700669   第二样本阅览室/ [索取号:K374.3/4] 在馆    
2 0570067   205700678   第二借阅区/ [索取号:K374.3/4] 在馆    
3 0570068   205700687   第二借阅区/ [索取号:K374.3/4] 在馆    
4 0570069   205700696   第二借阅区/ [索取号:K374.3/4] 在馆    
5 0570070   205700703   第二借阅区/ [索取号:K374.3/4] 在馆    
唐山师范学院图书馆 欢迎您!
大连网信软件有限公司© 版权所有